000 00298nam a22001217a 4500
040 _cRUA
082 _aRUA EIL 2014 C160 Or.
100 _aEILEEN MCCORMICK,
245 _aAnnual Report 2013
260 _aPHNOM PENH
_bRUA
_c2013
300 _a30p.
_bill.
_c29cm.
942 _cរបាយការណ៍
999 _c25519
_d25519